South Eastern Kenya University

Library Online Public Access Catalogue


Calculus : (Record no. 13757)

MARC details
000 -LEADER
fixed length control field 00861pam a2200265 a 4500
001 - CONTROL NUMBER
control field 2051810
003 - CONTROL NUMBER IDENTIFIER
control field OSt
005 - DATE AND TIME OF LATEST TRANSACTION
control field 20160511123831.0
008 - FIXED-LENGTH DATA ELEMENTS--GENERAL INFORMATION
fixed length control field 930805s1994 maua 001 0 eng
010 ## - LIBRARY OF CONGRESS CONTROL NUMBER
LC control number 93031729
020 ## - INTERNATIONAL STANDARD BOOK NUMBER
International Standard Book Number 0201569019
040 ## - CATALOGING SOURCE
Original cataloging agency DLC
Transcribing agency DLC
Modifying agency DLC
050 00 - LIBRARY OF CONGRESS CALL NUMBER
Classification number QA303
Item number .C17 1994
082 00 - DEWEY DECIMAL CLASSIFICATION NUMBER
Classification number 515
Edition number 20
100 ## - MAIN ENTRY--PERSONAL NAME
Personal name Finney L. Ross
245 00 - TITLE STATEMENT
Title Calculus :
Remainder of title graphical, numerical, algebraic /
Statement of responsibility, etc. Ross L. Finney ... [et al.].
260 ## - PUBLICATION, DISTRIBUTION, ETC. (IMPRINT)
Place of publication, distribution, etc. Reading, Mass. :
Name of publisher, distributor, etc. Addison-Wesley,
Date of publication, distribution, etc. c1994.
300 ## - PHYSICAL DESCRIPTION
Extent 1 v. (various pagings) :
Other physical details ill. (some col.) ;
Dimensions 27 cm.
500 ## - GENERAL NOTE
General note Includes index.
650 #0 - SUBJECT ADDED ENTRY--TOPICAL TERM
Topical term or geographic name as entry element Calculus.
700 1# - ADDED ENTRY--PERSONAL NAME
Personal name Finney, Ross L.
906 ## - LOCAL DATA ELEMENT F, LDF (RLIN)
a 7
b cbc
c orignew
d 1
e ocip
f 19
g y-gencatlg
942 ## - ADDED ENTRY ELEMENTS (KOHA)
Source of classification or shelving scheme Library of Congress Classification
Koha item type General circulation
Holdings
Withdrawn status Lost status Source of classification or shelving scheme Damaged status Not for loan Home library Current library Shelving location Date acquired Source of acquisition Total Checkouts Full call number Barcode Date last seen Price effective from Koha item type Public note
    Library of Congress Classification     Wote Campus Library Wote Campus Library General Stacks 11/05/2016 donation- books for Africa   QA303 .C17 1994 2016/011797 11/05/2016 11/05/2016 General circulation GM
Kitui, Kenya.
+254736116989
library@seku.ac.ke